00508nam a22001697a 450000500170000001000150001702000260003203500130005803700130007108200080008424500640009226000390015627000790019530000320027450000190030670000130032520140505103145.0 aENG-109611 c295.00a9788189941567 aEN-93144 bDBAD/PUB a576 aMicrobiology :cby A. Mani...[et al]bgeneral and applied / bSaras Publicationc2013aNagercoil bNagercoile629002a114/35G, A. R. P. Camp Road, Periavilai, Kottar P. O.,  axv,757p. c22cm(pbk)  aIncludes index aMani,A.